[Event "Excelsior June IM Norm"]
[Site "Toronto CAN"]
[Date "2023.06.13"]
[Round "1.4"]
[White "Reprintsev, Alexander"]
[Black "Vidyarthi, Omya"]
[Result "1-0"]
[WhiteElo "2238"]
[BlackElo "2081"]
[PlyCount "95"]
[EventDate "2023.06.13"]
[EventType "tourn"]
[EventRounds "9"]
[EventCountry "CAN"]

1. e4 e5 2. Nf3 Nc6 3. Bc4 Bc5 4. b4 Bxb4 5. c3 Ba5 6. d4 d6 7. Qb3 Qd7 8. O-O
Bb6 9. Nbd2 Na5 10. Qc2 Nxc4 11. Nxc4 Qc6 12. Qb3 Bg4 13. Ng5 Nh6 14. dxe5 Be2
15. Nxb6 axb6 16. Re1 Bc4 17. Qc2 dxe5 18. Nf3 Ra5 19. h3 O-O 20. Nh4 Rfa8 21.
a3 Qf6 22. g3 b5 23. Kh2 R5a6 24. Rg1 Be6 25. Qe2 Bc4 26. Qe1 Ra4 27. f3 c5 28.
g4 g5 29. Nf5 Nxf5 30. gxf5 h6 31. h4 Qh8 32. f4 exf4 33. Bxf4 Rxa3 34. Rxa3
Rxa3 35. Bxg5 hxg5 36. Rxg5+ Kf8 37. Qg3 Ra8 38. f6 Rd8 39. Rg7 Bd3 40. Qg5 b6
41. h5 Re8 42. Qd5 Qxg7 43. fxg7+ Kxg7 44. Qxd3 Rh8 45. Qg3+ Kf6 46. Qf4+ Kg7
47. Qg5+ Kf8 48. h6 1-0

[Event "Excelsior June IM Norm"]
[Site "Toronto CAN"]
[Date "2023.06.13"]
[Round "2.1"]
[White "Vidyarthi, Omya"]
[Black "Nagy, Gabor"]
[Result "0-1"]
[WhiteElo "2081"]
[BlackElo "2468"]
[PlyCount "122"]
[EventDate "2023.06.13"]
[EventType "tourn"]
[EventRounds "9"]
[EventCountry "CAN"]

1. Nf3 Nf6 2. c4 b6 3. d4 e6 4. g3 Ba6 5. Qc2 Bb7 6. Bg2 c5 7. O-O Nc6 8. Rd1
Nb4 9. Qb3 Be4 10. Ne1 Bxg2 11. Kxg2 cxd4 12. Nf3 d3 13. exd3 h6 14. Qa4 b5 15.
Qb3 Rc8 16. Nc3 bxc4 17. dxc4 Nc6 18. Qa4 Bc5 19. b3 Qb6 20. Ba3 O-O 21. Bxc5
Qxc5 22. Qb5 Qe7 23. Ne5 Nb8 24. Qb7 a6 25. Na4 Rfd8 26. Rd2 Kf8 27. Qf3 d6 28.
Ng4 Nxg4 29. Qxg4 Nc6 30. f4 d5 31. cxd5 Nb4 32. Nb6 Rc2 33. Qe2 Rxd2 34. Qxd2
Nxd5 35. Nxd5 Rxd5 36. Qe3 Qa3 37. Qf2 Qb4 38. Re1 Kg8 39. Re2 a5 40. Qf3 h5
41. h3 Qc5 42. Qf2 Qd6 43. Qf3 g6 44. Qe4 Kh7 45. Qe3 Rd1 46. Qa7 Qd5+ 47. Kf2
Kg7 48. Qe3 Qh1 49. Re1 Qh2+ 50. Kf3 Rd5 51. Qc3+ Kh7 52. Qc7 Rf5 53. Rxe6 Qxh3
54. Re5 Rf6 55. Rxa5 h4 56. f5 Qf1+ 57. Ke3 Qe1+ 58. Kf3 h3 59. Ra4 Rxf5+ 60.
Rf4 h2 61. Kg4 Qe2+ 0-1

[Event "Excelsior June IM Norm"]
[Site "Toronto CAN"]
[Date "2023.06.13"]
[Round "2.2"]
[White "Clyde, Jordan"]
[Black "Almeida Quintana, Omar"]
[Result "0-1"]
[WhiteElo "2096"]
[BlackElo "2520"]
[PlyCount "86"]
[EventDate "2023.06.13"]
[EventType "tourn"]
[EventRounds "9"]
[EventCountry "CAN"]

1. e4 d6 2. Nc3 g6 3. d4 Bg7 4. Be3 a6 5. a4 Nc6 6. f4 Nf6 7. Be2 e5 8. fxe5
dxe5 9. d5 Nd4 10. Nf3 Ng4 11. Bg1 Nxf3+ 12. Bxf3 h5 13. Qe2 Bd7 14. d6 Be6 15.
Bxg4 hxg4 16. dxc7 Qxc7 17. Rd1 Rc8 18. Be3 f5 19. g3 f4 20. Bf2 O-O 21. Nd5
Bxd5 22. Rxd5 Qxc2 23. Rd2 Qxa4 24. O-O f3 25. Qe3 Rfd8 26. b3 Qc6 27. Rxd8+
Rxd8 28. Qg5 Rd3 29. Qxg4 Rxb3 30. h4 Rc3 31. Kh2 Rd3 32. h5 gxh5 33. Qf5 b5
34. Qg5 Qf6 35. Qc1 Kh7 36. Rh1 Qd6 37. g4 Bh6 38. g5 Bg7 39. Kg3 Qg6 40. Be3
b4 41. Kxf3 Qxg5 42. Ke2 Rxe3+ 43. Qxe3 Qg2+ 0-1

[Event "Excelsior June IM Norm"]
[Site "Toronto CAN"]
[Date "2023.06.13"]
[Round "2.3"]
[White "Mendes, Aaron Reeve"]
[Black "Reprintsev, Alexander"]
[Result "1/2-1/2"]
[WhiteElo "1994"]
[BlackElo "2238"]
[PlyCount "45"]
[EventDate "2023.06.13"]
[EventType "tourn"]
[EventRounds "9"]
[EventCountry "CAN"]

1. e4 e5 2. Nf3 Nc6 3. d4 exd4 4. Nxd4 Nf6 5. Nxc6 bxc6 6. Nd2 d5 7. exd5 cxd5
8. Bb5+ Bd7 9. Bxd7+ Qxd7 10. O-O Be7 11. b3 O-O 12. Bb2 Rfe8 13. Re1 a5 14. a4
Bb4 15. Rxe8+ Rxe8 16. Bxf6 gxf6 17. Nf3 Bc3 18. Rb1 Qf5 19. Rc1 Bb2 20. Rb1
Bc3 21. Rc1 Bb2 22. Rb1 Bc3 23. Rc1 1/2-1/2

[Event "Excelsior June IM Norm"]
[Site "Toronto CAN"]
[Date "2023.06.14"]
[Round "3.1"]
[White "Noritsyn, Sergey"]
[Black "Singh Dhaliwal, Jaipreet"]
[Result "1-0"]
[WhiteElo "2136"]
[BlackElo "2050"]
[PlyCount "55"]
[EventDate "2023.06.13"]
[EventType "tourn"]
[EventRounds "9"]
[EventCountry "CAN"]

1. e4 c5 2. Nf3 d6 3. Bb5+ Bd7 4. Bxd7+ Qxd7 5. O-O Nf6 6. Qe2 Nc6 7. c3 e6 8.
d4 cxd4 9. cxd4 d5 10. e5 Ne4 11. Be3 h6 12. Ne1 Ng5 13. Nd3 O-O-O 14. Nc3 f6
15. Rfc1 Kb8 16. exf6 gxf6 17. Na4 e5 18. Ndc5 Bxc5 19. Nxc5 Qf5 20. Nxb7 Qe4
21. Nxd8 Nxd4 22. Nc6+ Ka8 23. Nxd4 exd4 24. Qa6 Qg4 25. Rc7 Nf3+ 26. Kh1 Qxg2+
27. Kxg2 Nh4+ 28. Kf1 1-0

[Event "Excelsior June IM Norm"]
[Site "Toronto CAN"]
[Date "2023.06.14"]
[Round "3.5"]
[White "Almeida Quintana, Omar"]
[Black "Vidyarthi, Omya"]
[Result "1-0"]
[WhiteElo "2520"]
[BlackElo "2081"]
[PlyCount "155"]
[EventDate "2023.06.13"]
[EventType "tourn"]
[EventRounds "9"]
[EventCountry "CAN"]

1. Nf3 d5 2. c4 c6 3. b3 Bf5 4. Bb2 e6 5. g3 h6 6. Bg2 Nd7 7. O-O Ngf6 8. d3
Be7 9. Nbd2 O-O 10. a3 a5 11. Bc3 Qc7 12. Qc1 Bh7 13. Qb2 Ne8 14. b4 Bf6 15.
cxd5 Bxc3 16. Qxc3 axb4 17. axb4 cxd5 18. Qb2 Nd6 19. Nd4 Qb6 20. Bh3 Nb5 21.
Nxb5 Qxb5 22. Nf3 Qb6 23. Rxa8 Rxa8 24. Qc3 Kf8 25. Rc1 Rd8 26. Nd4 Bg8 27. b5
Ke8 28. e3 Qd6 29. Qa5 Qb6 30. Qa3 Bh7 31. f4 Nb8 32. Kf2 Qd6 33. Qc3 Bg8 34.
Ke2 Nd7 35. Nb3 f6 36. Nd4 Nb6 37. Nb3 Rc8 38. Qxc8+ Nxc8 39. Rxc8+ Kf7 40. Nd4
f5 41. Nf3 g5 42. fxg5 hxg5 43. Nxg5+ Kg7 44. d4 Bf7 45. Kf2 Kf6 46. Nf3 Qb4
47. Bf1 Bh5 48. Be2 Qb1 49. Rf8+ Ke7 50. Rb8 Bxf3 51. Rxb7+ Kd8 52. Bxf3 e5 53.
dxe5 Qb2+ 54. Be2 Qxe5 55. Ra7 Kc8 56. Ra4 Kc7 57. Rd4 Qh8 58. h4 Qa8 59. h5
Kb6 60. h6 Qh8 61. Rh4 f4 62. gxf4 d4 63. h7 dxe3+ 64. Kf3 Kc5 65. f5 Kd5 66.
b6 Kc6 67. Rh6+ Kb7 68. Bd3 e2 69. Kxe2 Qe5+ 70. Kf3 Qh8 71. Be4+ Ka6 72. b7+
Ka7 73. f6 Kb8 74. Kg4 Ka7 75. Rh2 Kb8 76. Rc2 Ka7 77. Ra2+ Kb6 78. b8=Q+ 1-0

[Event "Excelsior June IM Norm"]
[Site "Toronto CAN"]
[Date "2023.06.14"]
[Round "4.3"]
[White "Singh Dhaliwal, Jaipreet"]
[Black "Reprintsev, Alexander"]
[Result "0-1"]
[WhiteElo "2050"]
[BlackElo "2238"]
[PlyCount "142"]
[EventDate "2023.06.13"]
[EventType "tourn"]
[EventRounds "9"]
[EventCountry "CAN"]

1. e4 e5 2. Nf3 Nc6 3. Bc4 Nf6 4. d3 h6 5. c3 d6 6. Nbd2 Bd7 7. b4 g6 8. O-O
Bg7 9. a4 O-O 10. Re1 Nh5 11. Nf1 Kh7 12. Ng3 Nf4 13. Bxf4 exf4 14. Ne2 Ne5 15.
Nxe5 dxe5 16. Qc2 h5 17. Kh1 Qf6 18. f3 g5 19. d4 Qg6 20. Rad1 Rad8 21. dxe5
Bxe5 22. Rd5 Be6 23. Rxe5 Bxc4 24. Nd4 b6 25. b5 Rd7 26. Qb1 a5 27. Qc1 Rfd8
28. Nc6 f6 29. Re7+ Rxe7 30. Nxe7 Qe8 31. Nc6 Rd3 32. e5 Qg6 33. exf6 Re3 34.
Ne5 Qxf6 35. Nxc4 Rxc3 36. Qb1+ Kh6 37. Re4 h4 38. Ne5 Kh5 39. Qe1 Ra3 40. Ng4
Qa1 41. h3 Kg6 42. Re6+ Kf7 43. Re7+ Kf8 44. Re8+ Kf7 45. Kh2 Qxe1 46. Rxe1
Rxa4 47. Rc1 Rb4 48. Rxc7+ Kf8 49. Nf6 Rxb5 50. Rb7 a4 51. Ra7 Ra5 52. Nd7+ Ke7
53. Rb7 b5 54. Nc5+ Kd6 55. Nd3 a3 56. Nb4 Kc5 57. Na2 Ra4 58. Nc3 Rb4 59. Rc7+
Kd4 60. Ne2+ Kd3 61. Nc1+ Kd2 62. Rc5 Rb2 63. Na2 Rxa2 64. Rxb5 Rb2 65. Rxg5 a2
66. Ra5 Kc2 67. g4 Kb1+ 68. Kh1 a1=Q 69. Rxa1+ Kxa1 70. g5 Rb6 71. Kh2 Rb2+ 0-1

[Event "Excelsior June IM Norm"]
[Site "Toronto CAN"]
[Date "2023.06.14"]
[Round "4.4"]
[White "Clyde, Jordan"]
[Black "Vidyarthi, Omya"]
[Result "1/2-1/2"]
[WhiteElo "2096"]
[BlackElo "2081"]
[PlyCount "103"]
[EventDate "2023.06.13"]
[EventType "tourn"]
[EventRounds "9"]
[EventCountry "CAN"]

1. e4 e5 2. Nf3 Nc6 3. Bb5 a6 4. Bxc6 dxc6 5. d4 exd4 6. Qxd4 Qxd4 7. Nxd4 Bd7
8. Be3 O-O-O 9. O-O Bd6 10. c4 c5 11. Nb3 b6 12. Nc3 Ne7 13. f4 f6 14. a3 Rhe8
15. Rfe1 Nc6 16. Nd2 Kb7 17. Nd5 a5 18. b3 Nd4 19. Ra2 a4 20. b4 Nb3 21. Rb2
Nxd2 22. Bxd2 cxb4 23. axb4 Bf8 24. b5 Bc5+ 25. Kf1 a3 26. Rc2 c6 27. bxc6+
Bxc6 28. Bc3 b5 29. e5 fxe5 30. Nb4 Bd7 31. Nd3 Ba7 32. Nxe5 Bf5 33. Rcc1 Bd4
34. cxb5 a2 35. Ba1 Bb1 36. Rxb1 axb1=Q 37. Rxb1 Bxa1 38. Rxa1 Rf8 39. g3 Rd5
40. Nf3 g5 41. Re1 gxf4 42. Re7+ Kb6 43. Kg2 fxg3 44. hxg3 Rxb5 45. Ne5 Rh8 46.
Nd7+ Kc6 47. Nf6 h5 48. Re6+ Kc7 49. Kh3 Rb3 50. Kh4 Rb1 51. Kg5 Rh1 52. Re8
1/2-1/2

[Event "Excelsior June IM Norm"]
[Site "Toronto CAN"]
[Date "2023.06.15"]
[Round "5.2"]
[White "Nagy, Gabor"]
[Black "Singh Dhaliwal, Jaipreet"]
[Result "1-0"]
[WhiteElo "2468"]
[BlackElo "2050"]
[PlyCount "125"]
[EventDate "2023.06.13"]
[EventType "tourn"]
[EventRounds "9"]
[EventCountry "CAN"]

1. Nf3 Nf6 2. c4 g6 3. Nc3 Bg7 4. d4 O-O 5. Bg5 d6 6. e3 c5 7. Be2 a6 8. O-O
Nc6 9. h3 cxd4 10. exd4 b6 11. Re1 Nb8 12. Bf1 e6 13. Nd2 d5 14. Rc1 dxc4 15.
Qf3 Ra7 16. Nxc4 Bb7 17. Qf4 Nbd7 18. a4 Qa8 19. Nd6 Bc6 20. b4 Nh5 21. Qh4 Bf6
22. b5 h6 23. Bxf6 Ndxf6 24. f3 axb5 25. axb5 Bd5 26. Nce4 Kg7 27. g4 g5 28.
Nxg5 hxg5 29. Qxg5+ Kh8 30. Qh6+ Nh7 31. Qxh5 f5 32. Qh4 Qb8 33. Nc4 Qf4 34.
Ne5 Rg7 35. Qf2 fxg4 36. hxg4 Ng5 37. Qh2+ Qxh2+ 38. Kxh2 Nxf3+ 39. Nxf3 Rxf3
40. Rc8+ Kh7 41. Be2 Re3 42. Kg1 Rxg4+ 43. Kf2 Rge4 44. Rc7+ Kg6 45. Bh5+ Kxh5
46. Rxe3 Rxd4 47. Rg3 Kh6 48. Rc8 Kh7 49. Rb8 Rf4+ 50. Ke1 Re4+ 51. Kd2 Rd4+
52. Kc2 Be4+ 53. Kc3 Rd6 54. Rg4 Bd3 55. Rg5 Bf5 56. Rg2 Rd3+ 57. Kc4 Rd6 58.
Rc8 Bd3+ 59. Kb4 Rd4+ 60. Kc3 Rd5 61. Rc7+ Kh8 62. Ra7 Rd8 63. Rd2 1-0

[Event "Excelsior June IM Norm"]
[Site "Toronto CAN"]
[Date "2023.06.15"]
[Round "5.5"]
[White "Noritsyn, Sergey"]
[Black "Clyde, Jordan"]
[Result "1-0"]
[WhiteElo "2136"]
[BlackElo "2096"]
[PlyCount "125"]
[EventDate "2023.06.13"]
[EventType "tourn"]
[EventRounds "9"]
[EventCountry "CAN"]

1. e4 d6 2. d4 g6 3. Nc3 Bg7 4. Be3 Nf6 5. h3 c6 6. Nf3 O-O 7. Be2 b6 8. g4 d5
9. e5 Ne4 10. Nxe4 dxe4 11. Ng5 Bb7 12. e6 f6 13. Nxe4 Qd5 14. Bf3 Qxe6 15. Qe2
Na6 16. O-O Nc7 17. c4 Rad8 18. Rfd1 Ba6 19. b3 Nd5 20. Bd2 f5 21. gxf5 gxf5
22. Ng3 Nc7 23. Bf4 Qxe2 24. Nxe2 Ne6 25. Bxc6 Bxd4 26. Rab1 Rf6 27. Bf3 Nxf4
28. Nxf4 e5 29. Bd5+ Kh8 30. Ne6 Rg6+ 31. Kh2 Rxe6 32. Bxe6 Bb7 33. Rd2 Be4 34.
Rf1 Rd6 35. f3 Bc6 36. Bd5 Bxd5 37. cxd5 Rxd5 38. Rg2 Be3 39. h4 a5 40. Re1 Bd2
41. Reg1 Rd8 42. Rg7 e4 43. fxe4 fxe4 44. Re7 e3 45. Rg4 Rf8 46. Rge4 Rf2+ 47.
Kg3 Kg8 48. h5 Rf6 49. Kg4 Rf1 50. h6 Rg1+ 51. Kf5 Rf1+ 52. Ke6 Rf8 53. Kd7 e2
54. Rxe2 Bxh6 55. Rg2+ Kh8 56. Re8 Rxe8 57. Kxe8 Be3 58. Kf7 h6 59. Rg8+ Kh7
60. Rg7+ Kh8 61. Kg6 Bd4 62. Rb7 Kg8 63. Rb8# 1-0

[Event "Excelsior June IM Norm"]
[Site "Toronto CAN"]
[Date "2023.06.15"]
[Round "6.3"]
[White "Singh Dhaliwal, Jaipreet"]
[Black "Almeida Quintana, Omar"]
[Result "0-1"]
[WhiteElo "2050"]
[BlackElo "2520"]
[PlyCount "134"]
[EventDate "2023.06.13"]
[EventType "tourn"]
[EventRounds "9"]
[EventCountry "CAN"]

1. e4 g6 2. d4 Bg7 3. Nc3 d6 4. f4 a6 5. Be3 b5 6. a3 Nd7 7. Nf3 Bb7 8. Qd2
Ngf6 9. Bd3 Rc8 10. d5 c6 11. dxc6 Bxc6 12. h3 O-O 13. O-O Bb7 14. Bd4 Nc5 15.
Rae1 Ne6 16. Be3 d5 17. exd5 Nxd5 18. Nxd5 Qxd5 19. f5 Nc5 20. fxg6 hxg6 21.
Bh6 Nxd3 22. cxd3 Bxh6 23. Qxh6 Rc2 24. d4 Qd6 25. Qh4 Rxb2 26. Qxe7 Qxe7 27.
Rxe7 Bd5 28. Rd7 Be6 29. Ra7 Rc8 30. Rd1 Rcc2 31. Ne1 Re2 32. Rxa6 Bb3 33. Rc1
Bd5 34. Rd6 Bxg2 35. Nxg2 Rxg2+ 36. Kh1 Rh2+ 37. Kg1 Rbg2+ 38. Kf1 Rd2 39. Kg1
Rxh3 40. Ra1 Rhd3 41. Rb6 Rb3 42. Rd6 b4 43. a4 Ra3 44. Rf1 Raa2 45. Rb1 Rxa4
46. Rd8+ Kg7 47. d5 b3 48. Rb8 Ra3 49. R1xb3 Rxb3 50. Rxb3 Rxd5 51. Kg2 g5 52.
Rb6 f6 53. Kf3 Kg6 54. Kg4 Rd1 55. Rb8 f5+ 56. Kf3 Rd3+ 57. Kf2 f4 58. Rb5 Kh5
59. Rb1 g4 60. Rh1+ Kg5 61. Ra1 Rd2+ 62. Kg1 f3 63. Rb1 Kh4 64. Rb4 Kg3 65. Rb1
Rg2+ 66. Kf1 Rh2 67. Kg1 f2+ 0-1

[Event "Excelsior June IM Norm"]
[Site "Toronto CAN"]
[Date "2023.06.15"]
[Round "6.5"]
[White "Noritsyn, Sergey"]
[Black "Reprintsev, Alexander"]
[Result "1-0"]
[WhiteElo "2136"]
[BlackElo "2238"]
[PlyCount "101"]
[EventDate "2023.06.13"]
[EventType "tourn"]
[EventRounds "9"]
[EventCountry "CAN"]

1. e4 e5 2. Nf3 Nc6 3. g3 d5 4. exd5 Qxd5 5. Nc3 Qa5 6. Bg2 Bg4 7. h3 Bh5 8. g4
Bg6 9. d3 O-O-O 10. Bd2 h5 11. Nh4 Bh7 12. Bxc6 bxc6 13. Qf3 g5 14. Nf5 f6 15.
Qxc6 Qb6 16. Qa8+ Qb8 17. Qxb8+ Kxb8 18. Ng3 Bg6 19. O-O-O Ne7 20. Nge4 Bg7 21.
Be3 Nc6 22. f3 Nd4 23. Bxd4 Rxd4 24. Ne2 Ra4 25. a3 f5 26. Nc5 Ra5 27. b4 Rxc5
28. bxc5 Bf8 29. gxf5 Bf7 30. d4 exd4 31. Nxd4 Bxc5 32. Kb2 Bd6 33. Ne6 Rh6 34.
Rhe1 Bg3 35. Re4 a5 36. Rd7 Rf6 37. Rd5 h4 38. Rxa5 Bh5 39. Nc5 Rb6+ 40. Ka1
Kc8 41. Ra8+ Rb8 42. Rxb8+ Kxb8 43. f6 Bd6 44. Ne6 Bxf3 45. Re3 g4 46. Ng5 Bd5
47. hxg4 Bc5 48. Re8+ Kb7 49. c3 Bxa3 50. f7 h3 51. Rh8 1-0

[Event "Excelsior June IM Norm"]
[Site "Toronto CAN"]
[Date "2023.06.16"]
[Round "7.1"]
[White "Nagy, Gabor"]
[Black "Noritsyn, Sergey"]
[Result "1/2-1/2"]
[WhiteElo "2468"]
[BlackElo "2136"]
[PlyCount "43"]
[EventDate "2023.06.13"]
[EventType "tourn"]
[EventRounds "9"]
[EventCountry "CAN"]

1. c4 e6 2. Nc3 d5 3. d4 Nf6 4. Nf3 c6 5. g3 Nbd7 6. Qd3 Bb4 7. Bg2 O-O 8. O-O
b6 9. b3 Ba6 10. Bb2 Rc8 11. Rac1 Qe7 12. a3 Bxc3 13. Qxc3 c5 14. cxd5 cxd4 15.
Qxd4 exd5 16. Nh4 Qxe2 17. Nf5 Rce8 18. Rfd1 Ne5 19. Bc3 Nf3+ 20. Bxf3 Qxf3 21.
Qf4 Qxf4 22. gxf4 1/2-1/2

[Event "Excelsior June IM Norm"]
[Site "Toronto CAN"]
[Date "2023.06.16"]
[Round "7.3"]
[White "Reprintsev, Alexander"]
[Black "Clyde, Jordan"]
[Result "0-1"]
[WhiteElo "2238"]
[BlackElo "2096"]
[PlyCount "162"]
[EventDate "2023.06.13"]
[EventType "tourn"]
[EventRounds "9"]
[EventCountry "CAN"]

1. e4 d6 2. d4 Nf6 3. Bd3 Nc6 4. c3 e5 5. d5 Ne7 6. c4 g6 7. Nc3 Bg7 8. Nge2
Nh5 9. f3 f5 10. Be3 c6 11. Qd2 fxe4 12. fxe4 O-O 13. O-O-O c5 14. h3 Qa5 15.
Kb1 Bd7 16. Nc1 Ng3 17. Rhg1 Rf7 18. a3 a6 19. Nb3 Qc7 20. Rc1 b5 21. Qe1 Nh5
22. cxb5 axb5 23. Bxb5 Bxb5 24. Nxb5 Qb8 25. Qe2 Ng3 26. Qc4 Nxe4 27. a4 Ng3
28. Rc2 Nef5 29. Bf2 e4 30. Re1 Bh6 31. Bxg3 Nxg3 32. Nd2 e3 33. Ne4 Rf4 34.
Nbxd6 Bf8 35. Rxe3 Bxd6 36. Rxg3 Rxe4 37. Qxe4 Bxg3 38. Rxc5 Qb3 39. a5 Rf8 40.
Qc4 Qd1+ 41. Ka2 Rf4 42. Qc2 Qxc2 43. Rxc2 Ra4+ 44. Kb3 Rxa5 45. Rc8+ Kf7 46.
Kc4 Bd6 47. Rd8 Rc5+ 48. Kd4 Ke7 49. Rh8 Rb5 50. Rxh7+ Kf6 51. h4 Rxb2 52. h5
Be5+ 53. Ke4 Rb4+ 54. Kf3 Rb3+ 55. Ke4 Rb4+ 56. Kf3 g5 57. Ra7 g4+ 58. Ke2 Re4+
59. Kf1 g3 60. Ra3 Kg5 61. Rd3 Bd6 62. Rd1 Kxh5 63. Re1 Rf4+ 64. Ke2 Rf2+ 65.
Kd3 Rxg2 66. Re6 Ra2 67. Rxd6 g2 68. Rd8 Ra6 69. d6 Rxd6+ 70. Rxd6 g1=Q 71. Ke4
Kg5 72. Rd4 Qe1+ 73. Kf3 Kf5 74. Rd5+ Ke6 75. Rd3 Qh4 76. Ke2 Qh2+ 77. Kf3 Ke5
78. Re3+ Kf5 79. Re7 Qf4+ 80. Ke2 Qc4+ 81. Kf3 Qg4+ 0-1

[Event "Excelsior June IM Norm"]
[Site "Toronto CAN"]
[Date "2023.06.16"]
[Round "7.4"]
[White "Vidyarthi, Omya"]
[Black "Singh Dhaliwal, Jaipreet"]
[Result "1-0"]
[WhiteElo "2081"]
[BlackElo "2050"]
[PlyCount "94"]
[EventDate "2023.06.13"]
[EventType "tourn"]
[EventRounds "9"]
[EventCountry "CAN"]

1. Nf3 Nf6 2. c4 g6 3. Nc3 Bg7 4. d4 O-O 5. g3 d6 6. Bg2 c6 7. h3 d5 8. O-O
Nbd7 9. cxd5 cxd5 10. Qb3 e6 11. Nb5 a6 12. Nc3 Qe7 13. Bd2 Rd8 14. a4 h6 15.
e3 Ne4 16. Nxe4 dxe4 17. Bb4 Qe8 18. Nd2 a5 19. Bd6 Nf6 20. Bc7 Rd5 21. Be5 Qe7
22. Rfc1 Rxe5 23. dxe5 Nd5 24. Nc4 Rb8 25. Bxe4 Bd7 26. f4 g5 27. Qa3 Nb4 28.
Nxa5 Bf8 29. Nxb7 Bxa4 30. Qxa4 Rxb7 31. Bxb7 Qxb7 32. Qa8 Qb6 33. Ra3 gxf4 34.
Rc8 Nd5 35. Rxf8+ Kg7 36. Rxf7+ Kxf7 37. Qa7+ Qxa7 38. Rxa7+ Kg6 39. exf4 h5
40. Kf2 h4 41. gxh4 Nxf4 42. Ke3 Nd5+ 43. Kd4 Kf5 44. h5 Kg5 45. Ra6 Nf4 46.
Ke4 Nxh5 47. Rxe6 Ng3+ 1-0

[Event "Excelsior June IM Norm"]
[Site "Toronto CAN"]
[Date "2023.06.16"]
[Round "8.3"]
[White "Noritsyn, Sergey"]
[Black "Almeida Quintana, Omar"]
[Result "0-1"]
[WhiteElo "2136"]
[BlackElo "2520"]
[PlyCount "104"]
[EventDate "2023.06.13"]
[EventType "tourn"]
[EventRounds "9"]
[EventCountry "CAN"]

1. e4 g6 2. d4 Bg7 3. Nf3 d6 4. Bc4 Nf6 5. Qe2 O-O 6. O-O Bg4 7. e5 Ne8 8. Bf4
Nc6 9. Rd1 Qc8 10. Qe3 Bxf3 11. gxf3 Qf5 12. Bd3 Qh5 13. Re1 Nb4 14. Nc3 c6 15.
Rad1 Rd8 16. Kg2 Nc7 17. Bg3 Ne6 18. Ne2 Bh6 19. f4 d5 20. Qf3 Qxf3+ 21. Kxf3
f6 22. exf6 Rxf6 23. Kg2 Re8 24. c3 Nxd3 25. Rxd3 Bxf4 26. Nxf4 Nxf4+ 27. Bxf4
Rxf4 28. Rde3 Kf7 29. Kg3 g5 30. Re6 Rf6 31. R6e5 h6 32. f3 e6 33. h3 Rf4 34.
Kg2 b6 35. b3 Kf6 36. Kg3 Re7 37. R1e2 Rf5 38. Kg4 c5 39. Kg3 cxd4 40. cxd4 Rf4
41. Rd2 Rxd4 42. Rxe6+ Rxe6 43. Rxd4 Ke5 44. Ra4 Re7 45. Kf2 Rc7 46. h4 d4 47.
hxg5 hxg5 48. Ke2 a5 49. b4 Rc4 50. a3 Kd6 51. Kd3 Kd5 52. Kd2 Kc6 0-1

[Event "Excelsior June IM Norm"]
[Site "Toronto CAN"]
[Date "2023.06.16"]
[Round "8.5"]
[White "Reprintsev, Alexander"]
[Black "Nagy, Gabor"]
[Result "1/2-1/2"]
[WhiteElo "2238"]
[BlackElo "2468"]
[PlyCount "60"]
[EventDate "2023.06.13"]
[EventType "tourn"]
[EventRounds "9"]
[EventCountry "CAN"]

1. e4 g6 2. d4 Bg7 3. Nc3 d6 4. h4 h5 5. Nf3 Bg4 6. Be2 Bxf3 7. gxf3 Nd7 8. Be3
c5 9. Qd2 cxd4 10. Bxd4 Bxd4 11. Qxd4 Ngf6 12. O-O-O Qb6 13. Qxb6 Nxb6 14. f4
O-O-O 15. f3 a6 16. Rhg1 e5 17. fxe5 dxe5 18. Rdf1 Nfd7 19. a4 Rhe8 20. a5 Na8
21. Bc4 Rf8 22. b4 Nc7 23. Bb3 Nf6 24. Rf2 Rd4 25. Na2 Kd7 26. Rg5 Ne6 27. c3
Rc8 28. Rxe5 Rd6 29. Bxe6+ Rxe6 30. Rxe6 Kxe6 1/2-1/2

[Event "Excelsior June IM Norm"]
[Site "Toronto CAN"]
[Date "2023.06.17"]
[Round "9.1"]
[White "Almeida Quintana, Omar"]
[Black "Reprintsev, Alexander"]
[Result "1-0"]
[WhiteElo "2520"]
[BlackElo "2238"]
[PlyCount "69"]
[EventDate "2023.06.13"]
[EventType "tourn"]
[EventRounds "9"]
[EventCountry "CAN"]

1. d4 d5 2. Nf3 e6 3. c4 Nf6 4. Nc3 c5 5. e3 dxc4 6. Bxc4 a6 7. O-O b5 8. Bb3
Bb7 9. Qe2 Nc6 10. Rd1 Qc7 11. d5 Na5 12. dxe6 Nxb3 13. exf7+ Qxf7 14. axb3 b4
15. Nb1 Qxb3 16. Nbd2 Qc2 17. e4 O-O-O 18. Ne1 Rxd2 19. Qxd2 Qxd2 20. Bxd2 Nxe4
21. Be3 c4 22. Rac1 c3 23. f3 Bc5 24. Bxc5 Nxc5 25. Rd4 Nb3 26. Rc4+ Kb8 27.
Rd1 a5 28. bxc3 Ba6 29. Rg4 Rc8 30. cxb4 a4 31. b5 Bxb5 32. Rb4 Rc5 33. Nd3 Rd5
34. Nb2 Nd2 35. Rxd2 1-0

[Event "Excelsior June IM Norm"]
[Site "Toronto CAN"]
[Date "2023.06.17"]
[Round "9.2"]
[White "Vidyarthi, Omya"]
[Black "Noritsyn, Sergey"]
[Result "0-1"]
[WhiteElo "2081"]
[BlackElo "2136"]
[PlyCount "82"]
[EventDate "2023.06.13"]
[EventType "tourn"]
[EventRounds "9"]
[EventCountry "CAN"]

1. d4 d5 2. c4 c6 3. cxd5 cxd5 4. Nc3 Nf6 5. Bf4 e6 6. e3 Nc6 7. Bd3 Bd6 8.
Bxd6 Qxd6 9. f4 b6 10. a3 Bb7 11. Rc1 O-O 12. Nf3 Ne7 13. Ne5 Ne4 14. O-O Nf5
15. Qe2 f6 16. Bxe4 dxe4 17. Ng4 Qd7 18. Nf2 Nd6 19. a4 Rfc8 20. a5 b5 21. Nb1
Bd5 22. Nd2 Bc4 23. Rxc4 bxc4 24. Nfxe4 Rab8 25. Nc5 Qb5 26. Nxe6 Qxb2 27. Qg4
g6 28. Nf3 Qc2 29. Nc5 Qf5 30. Qh4 Rb1 31. g4 Rxf1+ 32. Kxf1 Qb1+ 33. Kg2 Qc2+
34. Kg3 Rxc5 35. dxc5 Ne4+ 36. Kh3 Qe2 37. Nd2 Qxe3+ 38. Kg2 Qxd2+ 39. Kf1 c3
40. Qe1 Qxe1+ 41. Kxe1 c2 0-1

[Event "Excelsior June U1600"]
[Site "Toronto CAN"]
[Date "2023.06.23"]
[Round "1.26"]
[White "Li, Wing"]
[Black "Khezri, Hamed"]
[Result "1-0"]
[WhiteElo "1591"]
[BlackElo "1172"]
[PlyCount "71"]
[EventDate "2023.06.23"]
[EventType "swiss"]
[EventRounds "5"]
[EventCountry "CAN"]

1. d4 d5 2. c4 c6 3. Nf3 Nf6 4. Nc3 dxc4 5. a4 Bf5 6. Bg5 h6 7. Bh4 g5 8. Bg3
e6 9. e3 Bd6 10. Bxc4 O-O 11. Qb3 b6 12. O-O Qc7 13. Rfe1 Bxg3 14. hxg3 Nbd7
15. e4 Bg6 16. Rac1 Rad8 17. d5 Nc5 18. Qa2 cxd5 19. exd5 exd5 20. Nxd5 Nxd5
21. Bxd5 Qd7 22. Red1 Qxa4 23. Qxa4 Nxa4 24. Ne5 Kg7 25. Rc7 a5 26. Nxg6 Kxg6
27. Bxf7+ Rxf7 28. Rc6+ Rf6 29. Rxf6+ Kxf6 30. Rxd8 Nxb2 31. Rd6+ Kf5 32. Rxb6
Nc4 33. Rxh6 a4 34. Ra6 a3 35. Ra4 Ke4 36. Rxc4+ 1-0

[Event "Excelsior June U1600"]
[Site "Toronto CAN"]
[Date "2023.06.23"]
[Round "1.27"]
[White "Fok, Elkan"]
[Black "Cheung, Oscar"]
[Result "1/2-1/2"]
[WhiteElo "1573"]
[BlackElo "1102"]
[PlyCount "91"]
[EventDate "2023.06.23"]
[EventType "swiss"]
[EventRounds "5"]
[EventCountry "CAN"]

1. d4 d5 2. Nf3 Nc6 3. g3 Bf5 4. Bg2 e6 5. O-O Bd6 6. c4 dxc4 7. Nc3 Nge7 8. e4
Bg6 9. a3 f6 10. Qa4 O-O 11. Qxc4 Bf7 12. Re1 Nc8 13. e5 Nb6 14. Qe2 Be7 15.
Be3 Nd5 16. Nxd5 exd5 17. Bf4 fxe5 18. dxe5 Bh5 19. Qd2 h6 20. Rad1 g5 21. Nxg5
Bxg5 22. Bxd5+ Kh8 23. Bxg5 hxg5 24. e6 Bxd1 25. e7 Nxe7 26. Qxd1 Qxd5 27. Qh5+
Kg8 28. Rxe7 Rf7 29. Qg6+ Kf8 30. Re6 Qf5 31. Qh6+ Kg8 32. Rg6+ Qxg6 33. Qxg6+
Rg7 34. Qe4 c6 35. Qe6+ Kh7 36. a4 a6 37. Kg2 Rf8 38. h4 g4 39. f4 gxf3+ 40.
Kf2 Rff7 41. g4 Rf4 42. g5 Rxh4 43. Kxf3 Rxa4 44. Qh6+ Kg8 45. Qe6+ Kh8 46.
Qh6+ 1/2-1/2